| 000 | 00433nam a2200145Ia 4500 | ||
|---|---|---|---|
| 008 | 230312s9999||||xx |||||||||||||| ||und|| | ||
| 082 |
_a310 _bMON |
||
| 100 | _aDouglas C. Montgomery | ||
| 245 | 0 | _aIntroduction to Statistical Quality Control | |
| 260 |
_bJohn Wiley & Sons _aNew York _c1962 |
||
| 300 | _a674 | ||
| 546 | _aEng. | ||
| 650 |
_aEconomics _vQuality improvement in the modern Business Environment |
||
| 942 | _cBK | ||
| 999 |
_c2442 _d2442 |
||